National league & National league North/South 2023/2024 - Statistics

General Stats
  • This quiz has been taken 11 times
  • The average score is 26 of 72
Answer Stats
National League % Correct
Barnet
78%
Scunthorpe United
78%
AFC Fylde
67%
Chester FC
67%
Dorking Wanderers
67%
Woking
67%
York City
67%
Aldershot Town
56%
Blyth Spartans
56%
Boston United
56%
Brackley Town
56%
Bromley
56%
Hartlepool United
56%
Kings Lynn Town
56%
Banbury
44%
Chorley
44%
Curzon Ashton
44%
Dagenham & Redbridge
44%
Darlington
44%
Ebbsfleet United
44%
Farsley
44%
Hemel Hempstead
44%
Kidderminster Harriers
44%
Oldham Athletic
44%
Oxford City
44%
Peterborough Sports
44%
Solihull Moors
44%
Southend United
44%
South Shields
44%
Tamworth
44%
Welling United
44%
Yeovil Town
44%
Alfreton Town
33%
Altrincham
33%
Bath City
33%
Boreham Wood
33%
Buxton
33%
Chesterfield
33%
Eastleigh
33%
Gateshead
33%
Gloucester
33%
Maidenhead United
33%
Maidstone United
33%
Scarborough Athletic
33%
Southport
33%
Spennymoor Town
33%
St Albans
33%
Warrington Town
33%
Bishops Stortford
22%
Braintree Town
22%
Dover
22%
Farnborough
22%
FC Halifax
22%
Hampton & Richmond
22%
Havant & Waterlooville
22%
Hereford FC
22%
Rochdale
22%
Rushall Olympic
22%
Torquay United
22%
Wealdstone
22%
Weston-super-Mare
22%
Aveley
11%
Chelmsford
11%
Chippenham Town
11%
Dartford
11%
Eastbourne Borough
11%
Slough
11%
Taunton
11%
Tonbridge Angels
11%
Truro City
11%
Weymouth
11%
Worthing
11%
No matching quizzes found
Score Distribution
Percent of People with Each Score
Percentile by Number Answered
Your Score History
You have not taken this quiz